Interview

Zapisane w:
Opis bibliograficzny
1. autor: Cornelius, Edwin T (Autor)
Format: Książka
Język:angielski
Wydane: Nueva York Longman 1981
Wydanie:1a. ed
Hasła przedmiotowe:
Etykiety: Dodaj etykietę
Nie ma etykietki, Dołącz pierwszą etykiete!

MARC

LEADER 00000cam a2200000 a 4500
001 UCF3785
003 CL-VaPUC
008 121031e19810000US |||||||||||||||||eng|d
020 |a 0582797004 
082 0 4 |a 428  |b COR  |2 21 
100 |a Cornelius, Edwin T  |e author  |9 565496 
245 1 0 |a Interview 
250 |a 1a. ed 
300 |a 152 p 
942 |c BK 
945 |d 20121031 00:00:00  |a dcastane 
260 |a Nueva York  |b Longman  |c 1981 
650 0 |a Aquisición de segundo lenguaje   |9 464787 
650 0 |a Inglés  |9 260023 
650 7 |a INGLES EJERCICIOS DE CONVERSACION  |2 CL-VaPUC  |9 391127 
583 |a last modification  |c 20121031 10:09:00  |k Rodrigo Vera 
999 |c 349915  |d 349913 
952 |0 0  |1 0  |4 0  |6 428_000000000000000_COR_1981  |7 0  |8 A  |9 452801  |a BIBEDU  |b BIBEDU  |d 2019-11-22  |i 4809602  |o 428 COR 1981  |p 4809602  |r 2019-11-22  |w 2019-11-22  |y BK  |k LIT